000 00722nam a2200289Ia 4500
005 20260324123303.0
008 008 260324s9999 xx 000 0 eng d
020 _a9781315605203
037 _aEBOOK
040 _aCRL
040 _beng
040 _cCRL
041 _2eng
041 _aeng
084 _qCRL
100 _aElizabeth Elliott
_91169734
245 0 _aRemembering Boethius
245 0 _bWriting Aristocratic Identity in Late Medieval French and English Literatures
260 _bTaylor and Francis
260 _c2012
365 _a
365 _b65.99
856 _uhttp://www.taylorfrancis.com/books/9781315605203
942 _cEBOOK
999 _c1763127
_d1763127